header

The missing wedding dress, featuring Barbie / (Record no. 264110)

MARC details
000 -LEADER
fixed length control field 00540nam a22001817a 4500
003 - CONTROL NUMBER IDENTIFIER
control field OSt
005 - DATE AND TIME OF LATEST TRANSACTION
control field 20240725102156.0
008 - FIXED-LENGTH DATA ELEMENTS--GENERAL INFORMATION
fixed length control field 240725b xxu||||| |||| 00| 0 eng d
010 ## - LIBRARY OF CONGRESS CONTROL NUMBER
LC control number 84072878
020 ## - INTERNATIONAL STANDARD BOOK NUMBER
International Standard Book Number 0307020266
040 ## - CATALOGING SOURCE
Transcribing agency DLC
050 ## - LIBRARY OF CONGRESS CALL NUMBER
Classification number PZ7.K943
Item number Mi 1986
100 ## - MAIN ENTRY--PERSONAL NAME
Personal name Krugman, Karen.
245 ## - TITLE STATEMENT
Title The missing wedding dress, featuring Barbie /
Statement of responsibility, etc by Karen Krugman ; illustrated by Laura Westlake.
260 ## - PUBLICATION, DISTRIBUTION, ETC. (IMPRINT)
Place of publication, distribution, etc New York :
Name of publisher, distributor, etc Golden Book,
Date of publication, distribution, etc c1986.
300 ## - PHYSICAL DESCRIPTION
Extent [24] p. :
Other physical details col. ill. ;
Dimensions 21 cm.
942 ## - ADDED ENTRY ELEMENTS (KOHA)
Source of classification or shelving scheme Library of Congress Classification
Koha item type Long Loan Books
Holdings
Withdrawn status Lost status Source of classification or shelving scheme Damaged status Not for loan Collection code Home library Current library Shelving location Date acquired Total Checkouts Full call number Barcode Date last seen Price effective from Koha item type
    Library of Congress Classification     Fiction Rongo University Library Rongo University Library Children's Area 25/07/2024   PZ7.K943 Mi 1986 CL20243511 25/07/2024 25/07/2024 Long Loan Books

© 2026 Rongo University
Contact us: librarian | system librarian | Rongo university